00450nam a2200157 a 45000010005000000030009000050080041000140400028000550820015000831000018000982450037001162600036001533000014001894900052002036500037002551903CO-ViMGA141112s2004 ck r 000 u spa d aCO-ViMGAbspacCO-ViMGA04a591.5 D3571 aDenton, Peter10aFondo mundial para la naturaleza aZaragoza : bLuis Vives, c1992 a64 p : il aOrganizaciones humanitarias que ayudan al mundo14aECOLOGIA ANIMAL - ORGANIZACIONES